[Event "Regionalliga SW 9495"]
[Site "Bayern"]
[Date "1995.??.??"]
[Round "?.3"]
[White "Lang, Zalan Andreas"]
[Black "Folly, Gerhard"]
[Result "1-0"]
[WhiteElo "2040"]
[BlackElo "1980"]
[PlyCount "79"]
[EventDate "1994.10.??"]
[EventType "team-tourn"]
[EventRounds "9"]
[EventCountry "GER"]
[SourceTitle "EXT 1999"]
[Source "ChessBase"]
[SourceDate "1998.11.16"]
[SourceVersion "1"]
[SourceVersionDate "1998.11.16"]
[SourceQuality "1"]
[WhiteTeam "Haunstetten"]
[BlackTeam "Kaufbeuren"]
[WhiteTeamCountry "GER"]
[BlackTeamCountry "GER"]

1. d4 Nf6 2. Bg5 d5 3. Bxf6 gxf6 4. e3 c6 5. c4 Qb6 6. Qc2 Na6 7. Nc3 Bf5 8. Qd2 e6 9. cxd5 exd5 10. Nge2 Nb4 11. Ng3 Nc2+ 12. Kd1 Bg6 13. Rc1 Nb4 14. Ke1 0-0-0 15. f4 h5 16. h4 Rg8 17. Kf2 a5 18. Na4 Qc7 19. a3 Nc2 20. Rxc2 Bxc2 21. Qxc2 Bd6 22. Be2 Kb8 23. Qf5 Qe7 24. Nf1 Rde8 25. Bxh5 Rg7 26. Bf3 Ka7 27. h5 Rh8 28. g4 Rh6 29. Ng3 Rg8 30. Rc1 Re8 31. Qd3 Rhh8 32. Nf5 Qd7 33. Be2 Re4 34. Bf3 Ree8 35. Nxd6 Qxd6 36. Qc3 Qc7 37. b4 f5 38. g5 axb4 39. axb4 Ra8 40. h6 1-0